| 000 | 01069 a2200193 4500 | ||
|---|---|---|---|
| 003 | Nust | ||
| 005 | 20221213095235.0 | ||
| 020 | _a075067914X | ||
| 040 | _cNust | ||
| 082 | _a621.3822,KEH | ||
| 100 |
_aKehtarnavaz, Nasser _9104696 |
||
| 245 |
_aDigital signal processing system level design using LabView / _cNasser Kehtarnavaz and Namjin Kim |
||
| 260 |
_bNewnes _c2005 _aBoston |
||
| 300 | _a304 p. | ||
| 505 | _aIntroduction (Page-1), Lab view Programming Environment (Page-5), Analog-to-Digital Signal Conversion (Page-43), Digital Filtering(Page-73), Fixed-Point Versus Floating-Point (Page-95), Adaptive Filtering(Page-123), Frequency Domain Processing (Page-139), DSP Implementation Platform : TMS320C6x Architecture and Software Tools (Page-157), Lab view DSP Integration (Page-183), DSP System Design : Dual-Tone Multi-Frequency (DTMF) Signaling (Page-221), DSP System Design : Software-Defined Radio (Page-231), DSP System Design : MP3 Player (Page-253). | ||
| 650 | _aTelecommunication Engineering | ||
| 700 |
_aKim, Namjin _9104697 |
||
| 942 |
_2ddc _cBK |
||
| 999 |
_c188541 _d188541 |
||